Hans Christian Andersen (1952) : continuity script /

Bibliographic Details
Main Author: Hart, Moss, 1904-1961
Corporate Author: Alexander Street (Firm)
Other Authors: Connolly, Myles
Format: eBook
Language:English
Published: Alexandria, VA : Alexander Street Press, 2007.
Edition:[1st electronic ed.].
Series:American film scripts online.
Subjects:
Online Access:Connect to the full text of this electronic book

MARC

Tag First Indicator Second Indicator Subfields
LEADER 00000cam a2200000Mi 4500
001 in00005634021
006 m o d
007 cr |n||||||||a
008 080405s2007 vau o 000 0 eng d
005 20250331201029.6
035 |a (OCoLC)ocn405337146 
040 |a VaAlASP  |b eng  |e pn  |c UAB  |d ALSTP  |d OCLCQ  |d FTUBL  |d OCLCO  |d OCLCQ  |d U3G  |d OCLCO  |d OCLCQ  |d OCLCF  |d OCLCO  |d OCLCQ  |d OCLCO  |d RRP  |d YOU  |d EYM  |d LVT  |d OCLCO  |d OCLCL 
019 |a 593414305  |a 1237081903 
035 |a (OCoLC)405337146  |z (OCoLC)593414305  |z (OCoLC)1237081903 
050 4 |a PN1997.A1 
049 |a TXAM 
100 1 |a Hart, Moss,  |d 1904-1961.  |1 https://id.oclc.org/worldcat/entity/E39PBJcwC3jP7mKGBWKyWMV9jC 
245 1 0 |a Hans Christian Andersen (1952) :  |b continuity script /  |c story by Myles Connolly ; screenplay by Moss Hart. 
250 |a [1st electronic ed.]. 
260 |a Alexandria, VA :  |b Alexander Street Press,  |c 2007. 
300 |a 1 online resource. 
336 |a text  |b txt  |2 rdacontent 
337 |a computer  |b c  |2 rdamedia 
338 |a online resource  |b cr  |2 rdacarrier 
490 1 |a American film scripts online 
500 |a Title from HTML t.p. (viewed May 1, 2009). 
650 0 |a Motion picture plays, American. 
650 6 |a Scénarios de cinéma américains. 
650 7 |a Motion picture plays, American.  |2 fast  |0 (OCoLC)fst01740826 
655 7 |a Electronic books.  |2 local 
655 7 |a screenplays.  |2 aat 
655 7 |a Screenplays.  |2 fast  |0 (OCoLC)fst01726675 
655 7 |a Screenplays.  |2 lcgft 
655 7 |a Scénarios de cinéma.  |2 rvmgf 
700 1 |a Connolly, Myles. 
710 2 |a Alexander Street (Firm) 
758 |i has work:  |a Hans Christian Andersen (1952) (Text)  |1 https://id.oclc.org/worldcat/entity/E39PCGgyDmt7Kt3xPqGyjW3BWC  |4 https://id.oclc.org/worldcat/ontology/hasWork 
830 0 |a American film scripts online. 
856 4 0 |u http://proxy.library.tamu.edu/login?url=https://www.aspresolver.com/aspresolver.asp?AFSO;FS001196  |z Connect to the full text of this electronic book  |t 0 
955 |a Alexander Press - Film Scripts Online Vol. 1 
994 |a 92  |b TXA 
999 f f |s ef346ce0-d1b0-4867-a298-c686bb2347a1  |i 8f892012-31af-48a7-9387-80d4f8c33900  |t 0 
952 f f |a Texas A&M University  |b College Station  |c Electronic Resources  |d Available Online  |t 0  |e PN1997.A1   |h Library of Congress classification 
998 f f |a PN1997.A1   |t 0  |l Available Online